1479 1445 1046 1274 1047 1243 1964 1387 1189 1988 1529 1963 1169 1365 1738 1040 1267 1091 1748 1134 1288 1587 1806 1998 1599 1532 1035 1091 1613 1092 1839 1568 1618 1420 1025 1161 1932 1564 1723 1732 1546 1449 1758 1788 1997 1722 1011 1942 1949 1996 1915 1287 1906 1582 1413 1950 1577 1541 1939 1706 1207 1770 1717 1849 1071 1638 1001 1832 1777 1535 1729 1148 1883 1641 1017 1756 1775 1444 1237 1155 1137 1295 1719 1046 1542 1685 1065 1576 1523 1770 1564 1766 1052 1830 1503 1598 1779 1779 1019 BCNSPRNW ULIB Ver.6.0+V

เปลี่ยนเป็นภาษาไทย

Change to English
 แสดงรายละเอียดบรรณานุกรม
  กลับหน้าหลัก

Brief Record : Get Marc (ISO 2709) : E-mail record : QR code < ปิดหน้าต่าง
LEADER : 00000nam 2200000uu 4500
001    13399125964
003     ULIB
008    171124s2559||||th 000 0 tha d
060  0 ^aวจH62^bส691ร
110 1  ^aสำนักงานคณะกรรมการวิจัยแห่งชาติ(วช.)
245 10 ^aรายงานการสำรวจค่าใช้จ่ายและบุคลากรทางการวิจัยและพัฒน่าของประเทศไทยประจำปี 2559 /^cสำนักงานคณะกรรมการวิจัยแห่งชาติ(วช.)
260    ^aกรุงเทพฯ:^bสำนักงานคณะกรรมการวิจัยแห่งชาติ(วช.),^c2559
300    ^a92 หน้า :^bตาราง ;^c30 ซม.
650  7 ^aวิจัย-ค่าใช้จ่าย
945    ^p0^l0^i003404
999    ^aประนอม เกษจรัล
รายการนี้ยังไม่มีแท็ก
คุณยังไม่ได้ล็อกอิน คุณสามารถมีกิจกรรมร่วมกับเว็บไซต์ได้ แต่ต้องล็อกอินก่อน ::
  ล็อกอิน

รายการสื่อสารสนเทศ

ลำดับที่ ประเภท เลขเรียก/บาร์โค้ด สถานที่ สถานะ
1. งานวิจัย
งานวิจัย
วจH62 ส691ร ฉ.1 
  Barcode: 003404
ห้องสมุดวิทยาเขตสวรรค์ประชารักษ์
►วิจัย
บนชั้น

BibComment


ยังไม่เคยถูกคอมเมนท์

คอมเมนท์ทรัพยากรรายการนี้
  คอมเมนท์: รายงานการสำรวจค่..


 Copyright 2026. Bcnsprnw @Library